000 00241nam a22001097a 4500
999 _c153933
_d153933
082 _a
_b
245 _aIndian history 2010 UPSC/
_cby Kalpana (ed.)
260 _a
_bSpectrum,
_c2010.
650 _a
700 _aKalpana (ed.)
942 _cBK